Quick Pick: Wizarding World Groups Quiz Stats

 Plays Quiz Updated Feb 12, 2016

Score 0/8 Timer 01:00
17 Plays Today
% Correct
House Elves
91.2%
D.A.D.A Professors
91.1%
Animagi
84.2%
Death Eaters
80.2%
Centaurs
79.9%
Giants
76.6%
Ghosts
76%
Hogwarts Headmasters
74.3%

Today's Daily Dose

Word Ladder
Big Phrases

Quick Pick
SNL Movies

Get the Picture
Ron or Howard

You're not logged in!

Compare scores with friends on all Sporcle quizzes.
OR
Log In

Show Comments

Extras

Top Quizzes Today


Score Distribution

Your Account Isn't Verified!

In order to create a playlist on Sporcle, you need to verify the email address you used during registration. Go to your Sporcle Settings to finish the process.

Report this User

Report this user for behavior that violates our Community Guidelines.

Details: